[Event "Figueres op 07th"]
[Site "Figueres"]
[Date "2006.08.08"]
[Round "1"]
[White "Szoen, Dariusz"]
[Black "Petyt, Marcel"]
[Result "1-0"]
[WhiteElo "2452"]
[BlackElo "1685"]
[PlyCount "55"]
[EventDate "2006.08.08"]
[EventType "swiss"]
[EventRounds "9"]
[EventCountry "ESP"]
[SourceTitle "CBM 113 Extra"]
[Source "ChessBase"]
[SourceDate "2006.09.14"]
[SourceVersion "1"]
[SourceVersionDate "2006.09.14"]
[SourceQuality "1"]

1. e4 e5 2. Nf3 Nf6 3. Nc3 Nc6 4. Bb5 a6 5. Bxc6 dxc6 6. Nxe5 Qe7 7. d4 c5 8. 0-0 cxd4 9. Qxd4 c5 10. Qa4+ Nd7 11. Nxd7 Bxd7 12. Qa5 Qd8 13. Qxd8+ Rxd8 14. Bf4 Bc6 15. Rad1 Be7 16. Bc7 Rxd1 17. Rxd1 0-0 18. Bd6 Bxd6 19. Rxd6 Re8 20. f3 h6 21. Kf2 Kf8 22. Nd5 Rc8 23. Ne3 g6 24. e5 a5 25. Nc4 Ra8 26. e6 f6 27. Nb6 Ke7 28. Rxc6 1-0